The Wisconsin magazine of history

Detalles Bibliográficos
Autores Corporativos: State Historical Society of Wisconsin, Wisconsin Historical Society
Formato: Electrónico Revista
Lenguaje:inglés
Publicado: Menasha, WI : State Historical Society of Wisconsin, 1917-
Materias:
Acceso en línea:Full text available from Research Library: 10/01/2010 to present

MARC

LEADER 00000nas a2200000 a 4500
001 ssj0040312
003 WaSeSS
005 20200512172242.0
006 m d
007 cr n
008 060630c19179999wiuqr pss s0 a0eng c
010 |a  2006263198 
016 7 |a 978932943  |2 DE-101 
016 7 |a 2226775-X  |2 DE-600 
016 7 |a 100970223  |2 DNLM 
022 |a 1943-7366  |l 0043-6534  |y 0043-6534 
035 |a (WaSeSS)ssj0040312 
037 |b State Historical Society of Wisconsin, 816 State Street, Madison, WI 53706-1482̆ 
040 |a OCLCS  |b eng  |c OCLCS  |d OCLCS  |d TXA  |d DLC  |d EYM  |d OCLCQ  |d HEBIS  |d WIH  |d GWDNB  |d OCLCQ  |d GBVCP  |d OCLCQ  |d OCLCE  |d OCLCO  |d LGG  |d EMI  |d OCLCF  |d OCLCQ  |d DEBBG  |d VT2  |d OCLCQ  |d U3W  |d UOK  |d WYU  |d WaSeSS 
042 |a pcc  |a nsdp  |a dlr 
043 |a n-us-wi 
050 1 4 |a F576 
082 1 0 |a 977  |2 14 
130 0 |a Wisconsin magazine of history (Online) 
222 0 |a Wisconsin magazine of history  |b (Online) 
245 1 4 |a The Wisconsin magazine of history  |h [electronic resource]. 
260 |a Menasha, WI :  |b State Historical Society of Wisconsin,  |c 1917- 
310 |a Quarterly 
362 0 |a Vol. 1, no. 1 (Sept. 1917)- 
500 |a Title from cover (JSTOR, viewed Jan. 22, 2009). 
500 |a Published: Madison, WI : Wisconsin Historical Society, summer 2001- 
506 |a License restrictions may limit access. 
538 |a Master and use copy. Digital master created according to Benchmark for Faithful Digital Reproductions of Monographs and Serials, Version 1. Digital Library Federation, December 2002.  |u http://purl.oclc.org/DLF/benchrepro0212  |5 MiAaHDL 
538 |a Mode of access: World Wide Web. 
583 1 |a digitized  |c 2010  |h HathiTrust Digital Library  |l committed to preserve  |2 pda  |5 MiAaHDL 
588 |a Latest issue consulted: Vol. 92, no. 1 (autumn 2008) (Wisconsin Historical Society website, viewed Sept. 8, 2008). 
651 0 |a Wisconsin  |x History  |v Periodicals. 
651 6 |a Wisconsin  |x Histoire  |v Périodiques. 
651 7 |a Wisconsin.  |2 fast  |0 (OCoLC)fst01204595 
655 0 |a Electronic journals. 
710 2 |a State Historical Society of Wisconsin. 
710 2 |a Wisconsin Historical Society. 
776 0 8 |i Print version:  |t Wisconsin magazine of history  |x 0043-6534  |w (DLC) 18027367  |w (OCoLC)1642391 
856 4 0 |z Full text available from Research Library: 10/01/2010 to present  |u https://search.proquest.com/publication/386610